00418nam a2200145Ia 4500008004100000041000900041082001500050100002500065245001800090260003900108300000800147650000800155999001700163952009200180230718s9999 xx 000 0 und d aEng. a340bSAE-P aSaeed, Meelik. M ced 0aP.L.D. (1981) aPakistanbAll Parcistan (falc1381 a388 aLaw c27007d27007 00104070aSIRC-LbSIRC-Ld2023-07-18l0o340 SAE-Pp21959r2023-07-18w2023-07-18yBK